Vtáčik pre šťastie a iné rozprávky (Record no. 21412)
[ view plain ]
| 000 -LEADER | |
|---|---|
| fixed length control field | 01663cam a2200433 a 4500 |
| 001 - CONTROL NUMBER | |
| control field | 21412 |
| 003 - CONTROL NUMBER IDENTIFIER | |
| control field | VRT |
| 005 - DATE AND TIME OF LATEST TRANSACTION | |
| control field | 20260228150054.0 |
| 008 - FIXED-LENGTH DATA ELEMENTS--GENERAL INFORMATION | |
| fixed length control field | 180814s1978 xo a 0000j slo |
| 015 ## - NATIONAL BIBLIOGRAPHY NUMBER | |
| National bibliography number | SNBA1978 |
| 035 ## - SYSTEM CONTROL NUMBER | |
| System control number | SNK000054201 |
| 039 #9 - LEVEL OF BIBLIOGRAPHIC CONTROL AND CODING DETAIL [OBSOLETE] | |
| Level of rules in bibliographic description | 202305061944 |
| Level of effort used to assign nonsubject heading access points | csnk01 |
| Level of effort used to assign subject headings | 202304300720 |
| Level of effort used to assign classification | AUTHORITY |
| Level of effort used to assign subject headings | 202304300719 |
| Level of effort used to assign classification | AUTHORITY |
| Level of effort used to assign subject headings | 202304300719 |
| Level of effort used to assign classification | AUTHORITY |
| 040 ## - CATALOGING SOURCE | |
| Original cataloging agency | SNK |
| Language of cataloging | slo |
| Transcribing agency | SNK |
| Description conventions | AACR2 |
| 041 1# - LANGUAGE CODE | |
| Language code of text/sound track or separate title | slo |
| Language code of original | cze |
| 044 ## - COUNTRY OF PUBLISHING/PRODUCING ENTITY CODE | |
| MARC country code | xo |
| ISO country code | SK |
| 080 ## - UNIVERSAL DECIMAL CLASSIFICATION NUMBER | |
| Universal Decimal Classification number | 885.0-93(087.5) |
| Edition identifier | 1981 |
| 080 ## - UNIVERSAL DECIMAL CLASSIFICATION NUMBER | |
| Universal Decimal Classification number | 398.2(=850)(087.5) |
| Edition identifier | 1981 |
| 100 1# - MAIN ENTRY--PERSONAL NAME | |
| Personal name | Říha, Václav, |
| Dates associated with a name | 1867-1937 |
| Relationship | aut |
| 245 10 - TITLE STATEMENT | |
| Title | Vtáčik pre šťastie a iné rozprávky |
| Statement of responsibility, etc. | Václav Říha ; českého originálu Zvířátka a Petrovští a jiné pohádky preložila Silvia Kršková ; verše prebásnila Božena Trilecová ; ilustroval Jozef Chovan |
| 250 ## - EDITION STATEMENT | |
| Edition statement | 1. vyd. |
| 260 ## - PUBLICATION, DISTRIBUTION, ETC. | |
| Place of publication, distribution, etc. | Bratislava |
| Name of publisher, distributor, etc. | Mladé letá |
| Date of publication, distribution, etc. | 1978 |
| Place of manufacture | Banská Bystrica |
| Manufacturer | Tlačiarne SNP |
| 300 ## - PHYSICAL DESCRIPTION | |
| Extent | 172 s. |
| Dimensions | 25 cm |
| 366 ## - TRADE AVAILABILITY INFORMATION | |
| Note | 17000 výt. |
| 490 1# - SERIES STATEMENT | |
| Series statement | Z rozprávky do rozprávky |
| 500 ## - GENERAL NOTE | |
| General note | Ilustrácie na frontispice a predsádkach |
| 521 ## - TARGET AUDIENCE NOTE | |
| Target audience note | Pre čitateľov od 9 rokov |
| 655 #7 - INDEX TERM--GENRE/FORM | |
| Genre/form data or focus term | české rozprávky |
| Source of term | SNKPH |
| 655 #7 - INDEX TERM--GENRE/FORM | |
| Genre/form data or focus term | literatúra pre deti |
| Source of term | SNKPH |
| 700 1# - ADDED ENTRY--PERSONAL NAME | |
| Personal name | Závada, Vilém, |
| Dates associated with a name | 1905-1982 |
| Relationship | com |
| 700 1# - ADDED ENTRY--PERSONAL NAME | |
| Personal name | Kršková, Silvia |
| Relationship | trl |
| 700 1# - ADDED ENTRY--PERSONAL NAME | |
| Personal name | Trilecová, Božena, |
| Dates associated with a name | 1949- |
| Relationship | trl |
| 700 1# - ADDED ENTRY--PERSONAL NAME | |
| Personal name | Chovan, Jozef, |
| Dates associated with a name | 1911-1987 |
| Relationship | ill |
| 830 #0 - SERIES ADDED ENTRY--UNIFORM TITLE | |
| Uniform title | Z rozprávky do rozprávky |
| 942 ## - ADDED ENTRY ELEMENTS (KOHA) | |
| Source of classification or shelving scheme | Dewey Decimal Classification |
| Koha item type | Krásna literatúra pre deti |
| Suppress in OPAC | No |
| 949 ## - LOCAL PROCESSING INFORMATION (OCLC) | |
| 6 | 273K0300007 |
| a | svkpoB 44909 |
| b | svkpo255004 |
| 949 ## - LOCAL PROCESSING INFORMATION (OCLC) | |
| 6 | 270001000462943 |
| a | svkbbB 4368 |
| b | svkbbm 337372 |
| 949 ## - LOCAL PROCESSING INFORMATION (OCLC) | |
| 6 | 17A1134144 |
| a | snkSC 43770 D1 |
| b | snkKSP 2802/78 |
| Stav vyradenia | Strata | Poškodenie | Spôsob nadobudnutia | Domovská knižnica | Aktuálna knižnica | Dátum nadobudnutia | Total checkouts | Čiarový kód exemplára | Date last seen | Typ exemplára |
|---|---|---|---|---|---|---|---|---|---|---|
| Dar | Obecná knižnica Horná Štubňa | Obecná knižnica Horná Štubňa | 28.02.2026 | 4736201602 | 28.02.2026 | Krásna literatúra pre deti |
